| 000 | 00793nam a2200253 a 4500 | ||
|---|---|---|---|
| 001 | 000034134 | ||
| 003 | OSt | ||
| 005 | 20240412074257.0 | ||
| 008 | 110926s2011 dr 000 p spa d | ||
| 020 | _a9789945863734 | ||
| 040 |
_aDO-SdBNP _bspa _cBNPHU |
||
| 082 | 4 |
_aRD861.5 _bP983p |
|
| 100 | 1 |
_aPumarol, Homero _d1971- _920619 |
|
| 245 | 1 | 0 |
_aPoesía reunida 2000-2011 / _cHomero Pumarol ; selección de Frank Báez, Giselle Rodríguez Cid. |
| 260 |
_aSanto Domingo : _bDe a Poco, _c2011. |
||
| 300 |
_a143 p. ; _c21 cm. |
||
| 590 | _aInventariado, 2020/VM | ||
| 650 | 0 |
_aPoesía dominicana _966 |
|
| 650 | 0 |
_aLiteratura dominicana. _967 |
|
| 700 | 1 |
_aBáez, Frank _935989 |
|
| 700 | 1 |
_aRodríguez Cid, Giselle _959553 |
|
| 910 | _aValidado. Control de calidad MFF | ||
| 942 |
_2ddc _cLF1 |
||
| 999 |
_c33625 _d33625 |
||